<?xml version="1.0" encoding="UTF-8"?>
<collection xmlns="http://www.loc.gov/MARC21/slim">
 <record>
  <leader>00921pamaa2200241   4500</leader>
  <controlfield tag="001">0000042858</controlfield>
  <controlfield tag="005">20121212090000.0</controlfield>
  <controlfield tag="008">071025                             eng  </controlfield>
  <datafield tag="020" ind1="0" ind2="0">
   <subfield code="a">0521676312 (v. 2) </subfield>
  </datafield>
  <datafield tag="090" ind1="0" ind2="0">
   <subfield code="a">RC961.5 </subfield>
   <subfield code="b">CHE 2005</subfield>
  </datafield>
  <datafield tag="100" ind1="1" ind2="0">
   <subfield code="a">Cheesbrough </subfield>
  </datafield>
  <datafield tag="245" ind1="1" ind2="0">
   <subfield code="a">District laboratory practice in tropical countries : </subfield>
   <subfield code="b">Part 2  </subfield>
   <subfield code="c">Monica Cheesbrough.</subfield>
  </datafield>
  <datafield tag="250" ind1="0" ind2="0">
   <subfield code="a">2nd ed..</subfield>
  </datafield>
  <datafield tag="260" ind1="0" ind2="0">
   <subfield code="a">Cambridge ; New York: </subfield>
   <subfield code="b">Cambridge University Press, </subfield>
   <subfield code="c">2006.</subfield>
  </datafield>
  <datafield tag="300" ind1=" " ind2=" ">
   <subfield code="a">v, 434p, 2 v.: </subfield>
   <subfield code="b">ill. (some col.); </subfield>
   <subfield code="c">26 cm..</subfield>
  </datafield>
  <datafield tag="440" ind1="0" ind2="0">
   <subfield code="a">Tropical health technology</subfield>
  </datafield>
  <datafield tag="501" ind1="0" ind2="0">
   <subfield code="a">SAH</subfield>
  </datafield>
  <datafield tag="504" ind1="0" ind2="0">
   <subfield code="a">Includes bibliographical references and index</subfield>
  </datafield>
  <datafield tag="650" ind1="0" ind2="0">
   <subfield code="a">Tropical medicine -- </subfield>
   <subfield code="x">Handbooks, manuals, etc. </subfield>
  </datafield>
  <datafield tag="650" ind1="0" ind2="0">
   <subfield code="a">Diagnosis, Laboratory -- </subfield>
   <subfield code="x">Handbooks, manuals, etc </subfield>
  </datafield>
  <datafield tag="650" ind1="0" ind2="0">
   <subfield code="a">Medical laboratories -- </subfield>
   <subfield code="x">Developing countries. </subfield>
  </datafield>
  <datafield tag="650" ind1="0" ind2="0">
   <subfield code="a">Health service areas -- </subfield>
   <subfield code="x">Developing countries </subfield>
  </datafield>
  <datafield tag="901" ind1=" " ind2=" ">
   <subfield code="u">http://www.cambridge.org</subfield>
  </datafield>
 </record>
</collection>
